| 000 -LEADER |
| fixed length control field |
01038cam a2200253 i 4500 |
| 003 - CONTROL NUMBER IDENTIFIER |
| control field |
OSt |
| 005 - DATE AND TIME OF LATEST TRANSACTION |
| control field |
20240704131341.0 |
| 008 - FIXED-LENGTH DATA ELEMENTS--GENERAL INFORMATION |
| fixed length control field |
200521s2020 ne ahbe b 001 0 eng |
| 020 ## - INTERNATIONAL STANDARD BOOK NUMBER |
| International Standard Book Number |
9789462085565 |
| 042 ## - AUTHENTICATION CODE |
| Authentication code |
pcc |
| 082 ## - DEWEY DECIMAL CLASSIFICATION NUMBER |
| Classification number |
574.5 |
| 245 00 - TITLE STATEMENT |
| Title |
Habitat : |
| Remainder of title |
ecology thinking in architecture / |
| Statement of responsibility, etc |
Dirk van den Heuvel, Janno Martens, Víctor Muñoz Sanz (eds.) ; texts, Guus Beumer [and seven others]. |
| 246 30 - VARYING FORM OF TITLE |
| Title proper/short title |
Ecology thinking in architecture |
| 300 ## - PHYSICAL DESCRIPTION |
| Extent |
175 pages, 1 unnumbered folded leaf of plates : |
| Other physical details |
illustrations (chiefly color), facsimiles, maps, plans ; |
| Dimensions |
32 cm |
| 300 ## - PHYSICAL DESCRIPTION |
| Extent |
175 pages, 1 unnumbered folded leaf of plates : |
| Other physical details |
illustrations (chiefly color), facsimiles, maps, plans ; |
| Dimensions |
32 cm |
| 504 ## - BIBLIOGRAPHY, ETC. NOTE |
| Bibliography, etc |
Includes bibliographical references and index. |
| 650 #0 - SUBJECT ADDED ENTRY--TOPICAL TERM |
| Topical term or geographic name as entry element |
Architecture |
| General subdivision |
Environmental aspects. |
| 650 #0 - SUBJECT ADDED ENTRY--TOPICAL TERM |
| Topical term or geographic name as entry element |
Environmentalism. |
| 650 #0 - SUBJECT ADDED ENTRY--TOPICAL TERM |
| Topical term or geographic name as entry element |
Sustainable living. |
| 700 1# - ADDED ENTRY--PERSONAL NAME |
| Personal name |
Heuvel, Dirk van den, |
| Dates associated with a name |
1968- |
| Relator term |
editor. |
| 700 1# - ADDED ENTRY--PERSONAL NAME |
| Personal name |
Martens, Janno, |
| Relator term |
editor. |
| 700 1# - ADDED ENTRY--PERSONAL NAME |
| Personal name |
Muñoz Sanz, Víctor. |
| 942 ## - ADDED ENTRY ELEMENTS (KOHA) |
| Source of classification or shelving scheme |
|